RANCANGAN MALAYSIA KEDUA BELAS : PROJEK PENILAIAN POTENSI SUMBER UNSUR NADIR BUMI : PENILAIAN POTENSI SUMBER UNSUR NADIR BUMI DI KAWASAN FELDA ARING 8, GUA MUSANG, KELANTAN (KAJIAN SUSULAN) / Oleh : HASLIKHALIJAH BINTI DAUAD, MOHAMAD HAZIQ BIN SHAFEE (Record no. 27244)

000 -LEADER
fixed length control field 00928nam a22001697a 4500
008 - FIXED-LENGTH DATA ELEMENTS--GENERAL INFORMATION
fixed length control field 260504b ||||| |||| 00| 0 eng d
082 04 - DEWEY DECIMAL CLASSIFICATION NUMBER
Classification number 553.4959593
245 10 - TITLE STATEMENT
Title RANCANGAN MALAYSIA KEDUA BELAS : PROJEK PENILAIAN POTENSI SUMBER UNSUR NADIR BUMI : PENILAIAN POTENSI SUMBER UNSUR NADIR BUMI DI KAWASAN FELDA ARING 8, GUA MUSANG, KELANTAN (KAJIAN SUSULAN) / Oleh : HASLIKHALIJAH BINTI DAUAD, MOHAMAD HAZIQ BIN SHAFEE
250 ## - EDITION STATEMENT
Edition statement NO LAPORAN : JMG.KLT (REE) 01/2025
260 ## - PUBLICATION, DISTRIBUTION, ETC.
Place of publication, distribution, etc. Kota Bharu, Kelantan :
Name of publisher, distributor, etc. Jabatan Mineral dan Geosains Malaysia Kelantan,
Date of publication, distribution, etc. 2025
300 ## - PHYSICAL DESCRIPTION
Extent 58 pages :
Other physical details some colour illustrations ;
Dimensions 30 cm
650 10 - SUBJECT ADDED ENTRY--TOPICAL TERM
General subdivision Rare earth elements
Geographic subdivision Malaysia
-- Kelantan
-- Gua Musang
650 20 - SUBJECT ADDED ENTRY--TOPICAL TERM
General subdivision Rare earth elements
-- Prospecting
Geographic subdivision Malaysia
-- Kelantan
650 20 - SUBJECT ADDED ENTRY--TOPICAL TERM
General subdivision Mineral resources
Geographic subdivision Malaysia
-- Kelantan
-- Gua Musang
650 20 - SUBJECT ADDED ENTRY--TOPICAL TERM
General subdivision Geology
Geographic subdivision Malaysia
-- Kelantan
-- Gua Musang
942 ## - ADDED ENTRY ELEMENTS (KOHA)
Source of classification or shelving scheme
Edition 23
Classification part 553.4959593
Holdings
Withdrawn status Lost status Source of classification or shelving scheme Damaged status Not for loan Collection code Permanent Location Current Location Date acquired Total Checkouts Full call number Date last seen Price effective from Koha item type
Available         Open Shelf JMG IBUPEJABAT JMG IBUPEJABAT 04/05/2026   553.4959593 HAS 04/05/2026 04/05/2026 Reports